| 000 | 00329nam a2200121Ia 4500 | ||
|---|---|---|---|
| 005 | 20260328101442.0 | ||
| 008 | 260328s9999||||xx |||||||||||||| ||und|| | ||
| 100 | _aZimmerschied, Gerd | ||
| 245 | 0 |
_aGrafische Effekte in der Bauzeichnung / _cGerd Zimmerschied |
|
| 260 | _bInterbuch | ||
| 650 | _aDIBUJO ARQUITECTÓNICO | ||
| 942 | _cBK | ||
| 999 |
_c8303 _d8303 |
||